|
|
|
|
| LEADER |
00000nab a2200000 a 4500 |
| 001 |
vtls000643236 |
| 003 |
SK-MaSNL |
| 005 |
20260304093903.0 |
| 008 |
250425c1997 xo 0 slo |
| 015 |
|
|
|a SNBRB19rr/mm-uuuuu
|
| 035 |
|
|
|a CL0643375
|
| 035 |
|
|
|a urn:nbn:sk:snk-ab31r8
|
| 035 |
|
|
|a (urnnbn)urn:nbn:sk:snk:ar-a04mi5
|
| 035 |
|
|
|a (uuid)8e99d65d-3211-48d9-854a-f50d013619e8
|
| 040 |
|
|
|a SNKBUCL
|b slo
|c SNKBUCL
|e AACR2
|
| 041 |
0 |
|
|a slo
|
| 044 |
|
|
|a xo
|c SK
|
| 080 |
|
|
|a 656.7:061.2(4)
|2 1981
|
| 080 |
|
|
|a 656.7.05
|2 1981
|
| 080 |
|
|
|a 351.814.3
|2 1981
|
| 080 |
|
|
|a 347.82
|2 1981
|
| 100 |
1 |
|
|a Kelcová, Tatjana
|4 aut
|9 898760
|
| 245 |
1 |
0 |
|a Slovensko a európske letectvo
|c Tatjana Kelcová
|
| 650 |
0 |
7 |
|a Európska organizácia pre bezpečnosť letovej prevádzky
|2 snkbucl
|9 901945
|
| 655 |
|
7 |
|a články z novín a časopisov
|2 snkbucl
|9 267496
|
| 773 |
0 |
|
|t Horizonty dopravy
|g Roč. 5, č. 3 (1997), s. 34
|x 1210-0978
|
| 850 |
|
|
|a Slovenská národná knižnica
|
| 852 |
|
|
|a Slovenská národná knižnica
|
| 954 |
|
|
|a odborná, vedecká literatúra pôvodná (slovenská)
|2 lita
|
| 958 |
|
|
|a article27
|
| 958 |
|
|
|a OND
|
| 958 |
|
|
|a SK
|
| 958 |
|
|
|a RK
|
| 958 |
|
|
|a EUIPO
|
| 992 |
|
|
|a RBX
|
| 999 |
|
|
|c 2824889
|d 2826819
|